Multiple Choice City Quiz – Delhi - Statistics

General Stats
  • This quiz has been taken 12,785 times
  • The average score is 6 of 10
Answer Stats
Question Answer % Correct
What is the most spoken language in Delhi? Hindi
90%
Delhi has often been ranked as the capital city with ... The worst air pollution
90%
Where in India is Delhi located?
86%
What empire established Delhi as its capital? Mughal Empire
82%
Who is Delhi's international airport named for? Indira Gandhi
66%
In which state is Delhi located? None, it's a capital territory
63%
What is the name of the former imperial residence in Delhi? Red Fort
54%
Which of these landmarks can be found in New Delhi? India Gate
41%
What would you see at the Republic Day Parade? Acrobatic motorcycle stunts
23%
What river flows past Delhi? Yamuna
22%
No matching quizzes found
Score Distribution
Percent of People with Each Score
Percentile by Number Answered
Your Score History
You have not taken this quiz